Sports en image par lettre - S - Statistiques

Statistiques générales
  • Ce quiz a été pris 125 fois
  • Le résultat moyen est 11 sur 20
Statistiques - réponses
Par images Réponse % Correct
Ski
100%
Sumo
97%
Saut en hauteur
95%
Skateboard
95%
Surf
95%
Saut à la perche
93%
Snowboard
88%
Saut en longueur
86%
Salsa
77%
Ski nautique
60%
Step
59%
Squash
58%
Skeleton
46%
Sarbacane
42%
Softball
29%
Slackline
20%
Sepak takraw
1%
Slamball
1%
Speed riding
1%
Showdown
0%
Aucun quiz correspondant
Distribution des résultats
% des personnes avec chaque résultat
Percentile par nombre de réponses
Votre historique - résultats
Vous n’avez pas pris ce quiz